[Event "World Cup 2017"]
[Site "Tbilisi"]
[Date "2017.09.06"]
[Round "9.1"]
[White "Dreev Aleksey (RUS)"]
[Black "Carlsen Magnus (NOR)"]
[Result "0-1"]
[BlackElo "2827"]
[WhiteElo "2648"]
[LiveChessVersion "1.4.8"]

1. d4 {[%clk 1:30:57]} d5 {[%clk 1:30:52]} 2. c4 {[%clk 1:31:15]} e6
{[%clk 1:31:13]} 3. Nc3 {[%clk 1:30:33]} Bb4 {[%clk 1:31:36]} 4. Nf3
{[%clk 1:26:43]} Nf6 {[%clk 1:31:33]} 5. Bg5 {[%clk 1:25:28]} h6 {[%clk 1:31:49]}
6. Bxf6 {[%clk 1:25:26]} Qxf6 {[%clk 1:32:16]} 7. Qb3 {[%clk 1:25:02]} c5
{[%clk 1:32:18]} 8. cxd5 {[%clk 1:25:01]} exd5 {[%clk 1:32:38]} 9. a3
{[%clk 1:25:00]} Bxc3+ {[%clk 1:32:59]} 10. Qxc3 {[%clk 1:25:25]} c4
{[%clk 1:29:38]} 11. b3 {[%clk 1:22:21]} Be6 {[%clk 1:29:21]} 12. Ne5
{[%clk 1:05:54]} O-O {[%clk 1:24:24]} 13. e3 {[%clk 0:54:25]} Nc6
{[%clk 1:08:33]} 14. Be2 {[%clk 0:34:36]} Nxe5 {[%clk 1:06:04]} 15. dxe5
{[%clk 0:34:29]} Qg6 {[%clk 1:04:14]} 16. O-O {[%clk 0:31:34]} d4
{[%clk 1:00:04]} 17. exd4 {[%clk 0:31:43]} cxb3 {[%clk 1:00:31]} 18. Bf3
{[%clk 0:24:06]} Rac8 {[%clk 0:57:40]} 19. Qe3 {[%clk 0:22:57]} Qg5
{[%clk 0:55:47]} 20. Rab1 {[%clk 0:10:40]} Qxe3 {[%clk 0:54:57]} 21. fxe3
{[%clk 0:11:06]} Rfd8 {[%clk 0:49:37]} 22. Bxb7 {[%clk 0:09:21]} Rc3
{[%clk 0:46:18]} 23. d5 {[%clk 0:09:02]} Bd7 {[%clk 0:45:26]} 24. Rf4
{[%clk 0:06:07]} a5 {[%clk 0:42:57]} 25. Kf2 {[%clk 0:03:30]} Rb8
{[%clk 0:41:29]} 26. Bc6 {[%clk 0:03:09]} Bxc6 {[%clk 0:41:40]} 27. dxc6
{[%clk 0:03:37]} Rxc6 {[%clk 0:41:59]} 28. Rd4 {[%clk 0:03:29]} Rc2+
{[%clk 0:42:19]} 29. Kf3 {[%clk 0:03:20]} b2 {[%clk 0:42:42]} 30. Rdd1
{[%clk 0:03:20]} Rb5 {[%clk 0:40:26]} 31. a4 {[%clk 0:02:27]} Rxe5
{[%clk 0:40:24]} 32. Rd8+ {[%clk 0:01:59]} Kh7 {[%clk 0:40:52]} 0-1

[Event "World Cup 2017"]
[Site "Tbilisi"]
[Date "2017.09.06"]
[Round "9.2"]
[White "So Wesley (USA)"]
[Black "Bluebaum Matthias (GER)"]
[Result "1/2-1/2"]
[BlackElo "2633"]
[WhiteElo "2792"]
[LiveChessVersion "1.4.8"]

1. e4 {[%clk 1:30:57]} e6 {[%clk 1:30:52]} 2. d4 {[%clk 1:31:21]} d5
{[%clk 1:31:18]} 3. Nc3 {[%clk 1:31:45]} Nf6 {[%clk 1:31:40]} 4. e5
{[%clk 1:32:09]} Nfd7 {[%clk 1:32:06]} 5. f4 {[%clk 1:32:34]} c5 {[%clk 1:32:32]}
6. Nf3 {[%clk 1:32:59]} Nc6 {[%clk 1:32:50]} 7. Be3 {[%clk 1:33:22]} a6
{[%clk 1:33:01]} 8. Ne2 {[%clk 1:33:45]} Qb6 {[%clk 1:32:39]} 9. Qc1
{[%clk 1:34:09]} f6 {[%clk 1:30:42]} 10. c3 {[%clk 1:34:27]} Be7 {[%clk 1:30:44]}
11. exf6 {[%clk 1:29:29]} Nxf6 {[%clk 1:29:45]} 12. dxc5 {[%clk 1:29:51]} Bxc5
{[%clk 1:30:10]} 13. Bxc5 {[%clk 1:30:17]} Qxc5 {[%clk 1:30:36]} 14. Ned4
{[%clk 1:30:43]} O-O {[%clk 1:28:21]} 15. Be2 {[%clk 1:30:28]} Bd7
{[%clk 1:19:46]} 16. O-O {[%clk 1:29:37]} Rae8 {[%clk 1:16:12]} 17. Qe3
{[%clk 1:17:25]} Ng4 {[%clk 1:09:57]} 18. Qd2 {[%clk 1:17:48]} e5
{[%clk 1:08:57]} 19. fxe5 {[%clk 1:13:24]} Ngxe5 {[%clk 1:06:20]} 20. Nxe5
{[%clk 1:12:54]} Nxe5 {[%clk 1:01:43]} 21. Rxf8+ {[%clk 0:58:11]} Rxf8
{[%clk 0:59:00]} 22. Re1 {[%clk 0:58:37]} Nc4 {[%clk 0:50:18]} 23. Bxc4
{[%clk 0:51:40]} dxc4 {[%clk 0:49:35]} 24. Re3 {[%clk 0:51:58]} b5
{[%clk 0:39:54]} 25. a3 {[%clk 0:46:35]} h6 {[%clk 0:35:13]} 26. Qe1
{[%clk 0:39:55]} Qg5 {[%clk 0:31:18]} 27. Qg3 {[%clk 0:28:23]} Qxg3
{[%clk 0:29:11]} 28. Rxg3 {[%clk 0:28:49]} Rf6 {[%clk 0:27:21]} 29. Rf3
{[%clk 0:25:38]} Rd6 {[%clk 0:25:08]} 30. Kf2 {[%clk 0:23:51]} Rd5
{[%clk 0:24:38]} 31. Ke3 {[%clk 0:19:31]} Re5+ {[%clk 0:24:34]} 32. Kf4
{[%clk 0:17:13]} Re7 {[%clk 0:22:41]} 33. h4 {[%clk 0:14:31]} Bc8
{[%clk 0:18:40]} 34. Rf2 {[%clk 0:10:15]} Bb7 {[%clk 0:17:28]} 35. Rd2
{[%clk 0:09:07]} Re4+ {[%clk 0:16:13]} 36. Kg3 {[%clk 0:09:33]} Re3+
{[%clk 0:14:22]} 37. Kf2 {[%clk 0:09:36]} Re4 {[%clk 0:14:17]} 38. g3
{[%clk 0:08:03]} Re7 {[%clk 0:13:16]} 39. Re2 {[%clk 0:08:02]} Rf7+
{[%clk 0:08:25]} 40. Ke1 {[%clk 0:37:58]} Kh7 {[%clk 0:37:54]} 41. Re5
{[%clk 0:26:21]} Bc8 {[%clk 0:34:40]} 42. Re2 {[%clk 0:17:41]} Kg6
{[%clk 0:32:39]} 43. Rf2 {[%clk 0:15:02]} Re7+ {[%clk 0:32:54]} 44. Re2
{[%clk 0:14:00]} Rf7 {[%clk 0:33:19]} 45. Rf2 {[%clk 0:14:26]} Re7+
{[%clk 0:33:46]} 46. Re2 {[%clk 0:14:53]} Rf7 1/2-1/2

[Event "World Cup 2017"]
[Site "Tbilisi"]
[Date "2017.09.06"]
[Round "9.3"]
[White "Lenic Luka (SLO)"]
[Black "Caruana Fabiano (USA)"]
[Result "1/2-1/2"]
[BlackElo "2799"]
[WhiteElo "2646"]
[LiveChessVersion "1.4.8"]

1. d4 {[%clk 1:30:54]} d5 {[%clk 1:30:54]} 2. c4 {[%clk 1:31:17]} dxc4
{[%clk 1:31:20]} 3. Nf3 {[%clk 1:31:34]} Nf6 {[%clk 1:31:43]} 4. e3
{[%clk 1:31:52]} e6 {[%clk 1:32:07]} 5. Bxc4 {[%clk 1:32:13]} c5 {[%clk 1:32:33]}
6. O-O {[%clk 1:32:33]} a6 {[%clk 1:32:57]} 7. dxc5 {[%clk 1:32:55]} Bxc5
{[%clk 1:33:18]} 8. Qxd8+ {[%clk 1:33:11]} Kxd8 {[%clk 1:33:43]} 9. Be2
{[%clk 1:33:23]} Ke7 {[%clk 1:34:06]} 10. Ne5 {[%clk 1:33:29]} Nbd7
{[%clk 1:34:17]} 11. Nc4 {[%clk 1:33:07]} b6 {[%clk 1:34:24]} 12. Nc3
{[%clk 1:32:39]} a5 {[%clk 1:28:28]} 13. Na4 {[%clk 1:30:43]} Ba6
{[%clk 1:28:05]} 14. Nxc5 {[%clk 1:30:52]} bxc5 {[%clk 1:28:28]} 15. f3
{[%clk 1:30:12]} Rhb8 {[%clk 1:24:05]} 16. Rf2 {[%clk 1:24:52]} a4
{[%clk 1:23:43]} 17. e4 {[%clk 1:24:39]} Rb4 {[%clk 0:52:33]} 18. Na3
{[%clk 1:24:24]} Ne5 {[%clk 0:47:02]} 19. Bf4 {[%clk 1:23:37]} Nfd7
{[%clk 0:45:03]} 20. Bd2 {[%clk 1:23:52]} Rb7 {[%clk 0:42:18]} 21. Bc3
{[%clk 1:20:48]} f6 {[%clk 0:39:34]} 22. Rd1 {[%clk 1:16:18]} Bxe2
{[%clk 0:37:26]} 23. Rxe2 {[%clk 1:16:43]} Nc6 {[%clk 0:37:25]} 24. Nc4
{[%clk 1:04:29]} 1/2-1/2

[Event "World Cup 2017"]
[Site "Tbilisi"]
[Date "2017.09.06"]
[Round "9.5"]
[White "Hou Yifan (CHN)"]
[Black "Aronian Levon (ARM)"]
[Result "1/2-1/2"]
[BlackElo "2802"]
[WhiteElo "2670"]
[LiveChessVersion "1.4.8"]

1. e4 {[%clk 1:30:57]} e5 {[%clk 1:30:56]} 2. Nf3 {[%clk 1:31:22]} Nc6
{[%clk 1:31:20]} 3. Bc4 {[%clk 1:31:47]} Bc5 {[%clk 1:31:43]} 4. O-O
{[%clk 1:32:09]} Nf6 {[%clk 1:32:07]} 5. d3 {[%clk 1:32:34]} O-O {[%clk 1:32:30]}
6. Re1 {[%clk 1:32:41]} d6 {[%clk 1:32:08]} 7. c3 {[%clk 1:32:52]} Ne7
{[%clk 1:31:49]} 8. Nbd2 {[%clk 1:29:34]} Bb6 {[%clk 1:30:38]} 9. Bb3
{[%clk 1:29:40]} c6 {[%clk 1:29:43]} 10. Nf1 {[%clk 1:24:28]} Ng6
{[%clk 1:29:22]} 11. Ng3 {[%clk 1:23:33]} h6 {[%clk 1:28:24]} 12. h3
{[%clk 1:22:53]} d5 {[%clk 1:28:46]} 13. exd5 {[%clk 1:22:17]} Nxd5
{[%clk 1:29:11]} 14. d4 {[%clk 1:22:41]} exd4 {[%clk 1:29:12]} 15. Nxd4
{[%clk 1:23:05]} Be6 {[%clk 1:25:20]} 16. Nxe6 {[%clk 1:05:51]} fxe6
{[%clk 1:24:22]} 17. Rxe6 {[%clk 1:06:18]} Rxf2 {[%clk 1:24:05]} 18. Kh1
{[%clk 1:05:15]} Nh4 {[%clk 1:24:13]} 19. Qg4 {[%clk 0:48:26]} Qf8
{[%clk 1:20:17]} 20. Qxh4 {[%clk 0:26:05]} 1/2-1/2

[Event "World Cup 2017"]
[Site "Tbilisi"]
[Date "2017.09.06"]
[Round "9.9"]
[White "Cori Jorge (PER)"]
[Black "Grischuk Alexander (RUS)"]
[Result "1/2-1/2"]
[BlackElo "2788"]
[WhiteElo "2648"]
[LiveChessVersion "1.4.8"]

1. d4 {[%clk 1:30:57]} Nf6 {[%clk 1:30:50]} 2. c4 {[%clk 1:31:14]} g6
{[%clk 1:31:00]} 3. g3 {[%clk 1:31:24]} c6 {[%clk 1:30:39]} 4. Bg2
{[%clk 1:31:39]} d5 {[%clk 1:31:04]} 5. cxd5 {[%clk 1:31:06]} cxd5
{[%clk 1:31:28]} 6. Nc3 {[%clk 1:30:44]} Bg7 {[%clk 1:30:18]} 7. Nf3
{[%clk 1:31:06]} Ne4 {[%clk 1:15:31]} 8. Nxe4 {[%clk 1:24:12]} dxe4
{[%clk 1:15:45]} 9. Ne5 {[%clk 1:24:37]} Bxe5 {[%clk 1:08:11]} 10. dxe5
{[%clk 1:24:51]} Qxd1+ {[%clk 1:08:36]} 11. Kxd1 {[%clk 1:25:13]} Bf5
{[%clk 1:09:00]} 12. g4 {[%clk 1:11:51]} Bxg4 {[%clk 1:06:05]} 13. Bxe4
{[%clk 1:12:17]} Nc6 {[%clk 1:06:23]} 14. f3 {[%clk 1:10:20]} Be6
{[%clk 0:52:34]} 15. Bxc6+ {[%clk 1:08:44]} bxc6 {[%clk 0:52:06]} 16. Ke1
{[%clk 1:04:27]} O-O-O {[%clk 0:50:07]} 17. Bd2 {[%clk 0:55:01]} Kb7
{[%clk 0:41:10]} 18. h4 {[%clk 0:51:09]} h6 {[%clk 0:33:57]} 19. Bb4
{[%clk 0:50:30]} Rhe8 {[%clk 0:30:03]} 20. Kf2 {[%clk 0:50:54]} Rd5
{[%clk 0:30:03]} 21. Bc3 {[%clk 0:51:20]} Red8 {[%clk 0:29:24]} 22. Rag1
{[%clk 0:51:42]} c5 {[%clk 0:24:56]} 23. Rb1 {[%clk 0:49:34]} a5 {[%clk 0:09:49]}
24. f4 {[%clk 0:17:56]} Bf5 {[%clk 0:02:29]} 25. Ra1 {[%clk 0:16:26]} h5
{[%clk 0:02:29]} 26. Rhe1 {[%clk 0:12:46]} R5d7 {[%clk 0:01:57]} 27. Bxa5
{[%clk 0:13:11]} Ra8 {[%clk 0:02:23]} 28. Bc3 {[%clk 0:13:38]} Ra4
{[%clk 0:02:47]} 29. Ke3 {[%clk 0:14:03]} Be6 {[%clk 0:02:02]} 30. b3
{[%clk 0:13:52]} Ra3 {[%clk 0:01:24]} 31. Rec1 {[%clk 0:13:21]} Rd8
{[%clk 0:00:44]} 32. Bb2 {[%clk 0:03:16]} Ra5 {[%clk 0:01:12]} 33. Rc2
{[%clk 0:00:50]} Rda8 {[%clk 0:01:27]} 34. Bc1 {[%clk 0:01:14]} Kc6
{[%clk 0:00:46]} 35. Rb2 {[%clk 0:00:46]} Ra3 {[%clk 0:00:50]} 36. Kf2
{[%clk 0:00:39]} Rxb3 {[%clk 0:00:42]} 37. Rxb3 {[%clk 0:00:40]} Bxb3
{[%clk 0:01:10]} 38. a3 {[%clk 0:01:04]} Ra4 {[%clk 0:00:58]} 39. Be3
{[%clk 0:01:17]} Bd5 {[%clk 0:00:50]} 40. Rc1 {[%clk 0:31:37]} Rc4
{[%clk 0:30:38]} 41. Rxc4 {[%clk 0:31:51]} Bxc4 {[%clk 0:31:03]} 42. a4
{[%clk 0:31:04]} 1/2-1/2

[Event "World Cup 2017"]
[Site "Tbilisi"]
[Date "2017.09.06"]
[Round "9.10"]
[White "Anand Viswanathan (IND)"]
[Black "Kovalyov Anton (CAN)"]
[Result "0-1"]
[BlackElo "2649"]
[WhiteElo "2794"]
[LiveChessVersion "1.4.8"]

1. e4 {[%clk 1:30:57]} c5 {[%clk 1:30:52]} 2. Nf3 {[%clk 1:31:21]} d6
{[%clk 1:31:13]} 3. d4 {[%clk 1:31:45]} cxd4 {[%clk 1:31:38]} 4. Nxd4
{[%clk 1:32:10]} Nf6 {[%clk 1:32:01]} 5. Nc3 {[%clk 1:32:35]} a6 {[%clk 1:32:27]}
6. h3 {[%clk 1:32:58]} e5 {[%clk 1:32:34]} 7. Nb3 {[%clk 1:33:17]} Be6
{[%clk 1:29:40]} 8. Be3 {[%clk 1:33:29]} h5 {[%clk 1:27:03]} 9. Be2
{[%clk 1:21:55]} Nbd7 {[%clk 1:24:44]} 10. O-O {[%clk 1:20:54]} Rc8
{[%clk 1:21:55]} 11. Qd2 {[%clk 1:19:14]} b5 {[%clk 1:15:15]} 12. Rfd1
{[%clk 1:14:21]} Nb6 {[%clk 1:06:45]} 13. Bxb6 {[%clk 1:05:06]} Qxb6
{[%clk 1:06:04]} 14. a4 {[%clk 1:05:08]} b4 {[%clk 1:02:01]} 15. Nd5
{[%clk 1:05:03]} Nxd5 {[%clk 0:56:41]} 16. exd5 {[%clk 1:04:18]} Bd7
{[%clk 0:56:25]} 17. a5 {[%clk 0:59:28]} Qb7 {[%clk 0:47:42]} 18. Qe3
{[%clk 0:56:18]} Be7 {[%clk 0:34:53]} 19. Qb6 {[%clk 0:55:01]} Qxb6
{[%clk 0:34:45]} 20. axb6 {[%clk 0:55:22]} Rb8 {[%clk 0:35:07]} 21. Rxa6
{[%clk 0:55:10]} Bd8 {[%clk 0:35:30]} 22. b7 {[%clk 0:35:36]} Ke7
{[%clk 0:29:02]} 23. Nc5 {[%clk 0:27:22]} dxc5 {[%clk 0:19:14]} 24. d6+
{[%clk 0:27:36]} Kf6 {[%clk 0:18:56]} 25. Bf3 {[%clk 0:27:49]} Kf5
{[%clk 0:18:00]} 26. Bd5 {[%clk 0:21:18]} e4 {[%clk 0:17:56]} 27. Re1
{[%clk 0:21:24]} Bf6 {[%clk 0:13:22]} 28. Bxe4+ {[%clk 0:20:07]} Kg5
{[%clk 0:13:41]} 29. Ra5 {[%clk 0:15:47]} Bxb2 {[%clk 0:13:56]} 30. Rxc5+
{[%clk 0:15:48]} Kf6 {[%clk 0:13:24]} 31. Re3 {[%clk 0:13:56]} g6
{[%clk 0:13:38]} 32. Rf3+ {[%clk 0:13:06]} Ke6 {[%clk 0:13:25]} 33. Rd3
{[%clk 0:11:57]} Rhd8 {[%clk 0:13:22]} 34. Ra5 {[%clk 0:12:09]} f5
{[%clk 0:11:11]} 35. Bf3 {[%clk 0:12:28]} Bc3 {[%clk 0:11:24]} 36. h4
{[%clk 0:11:33]} Kf6 {[%clk 0:10:40]} 37. g3 {[%clk 0:10:16]} f4 {[%clk 0:07:40]}
38. Be4 {[%clk 0:10:36]} Bf5 {[%clk 0:07:29]} 39. Bxf5 {[%clk 0:06:41]} gxf5
{[%clk 0:07:39]} 40. Rb5 {[%clk 0:37:09]} Ke6 {[%clk 0:36:32]} 41. Kf1
{[%clk 0:34:14]} Rd7 {[%clk 0:36:11]} 42. gxf4 {[%clk 0:33:42]} Rbxb7
{[%clk 0:35:53]} 43. Re3+ {[%clk 0:33:01]} Kf6 {[%clk 0:35:49]} 0-1

[Event "World Cup 2017"]
[Site "Tbilisi"]
[Date "2017.09.06"]
[Round "9.13"]
[White "Motylev Alexander (RUS)"]
[Black "Giri Anish (NED)"]
[Result "1/2-1/2"]
[BlackElo "2777"]
[WhiteElo "2668"]
[LiveChessVersion "1.4.8"]

1. e4 {[%clk 1:30:56]} e5 {[%clk 1:30:57]} 2. Nf3 {[%clk 1:31:17]} Nc6
{[%clk 1:31:25]} 3. Bb5 {[%clk 1:31:30]} Nf6 {[%clk 1:31:51]} 4. O-O
{[%clk 1:31:31]} Nxe4 {[%clk 1:32:20]} 5. Re1 {[%clk 1:31:54]} Nd6
{[%clk 1:32:47]} 6. Nxe5 {[%clk 1:32:17]} Be7 {[%clk 1:33:14]} 7. Bf1
{[%clk 1:32:40]} Nxe5 {[%clk 1:33:36]} 8. Rxe5 {[%clk 1:33:04]} O-O
{[%clk 1:34:02]} 9. d4 {[%clk 1:33:18]} Bf6 {[%clk 1:33:31]} 10. Re2
{[%clk 1:33:25]} b6 {[%clk 1:32:19]} 11. Re1 {[%clk 1:33:43]} Bb7
{[%clk 1:32:06]} 12. Bf4 {[%clk 1:33:49]} Ne4 {[%clk 1:20:18]} 13. Nd2
{[%clk 1:30:11]} Nxd2 {[%clk 1:16:24]} 14. Qxd2 {[%clk 1:28:01]} d6
{[%clk 1:16:50]} 15. a4 {[%clk 1:28:17]} a6 {[%clk 1:15:14]} 16. c3
{[%clk 1:18:51]} Qd7 {[%clk 1:14:15]} 17. a5 {[%clk 1:17:19]} b5 {[%clk 1:14:35]}
18. Bg5 {[%clk 1:11:20]} 1/2-1/2

[Event "World Cup 2017"]
[Site "Tbilisi"]
[Date "2017.09.06"]
[Round "9.15"]
[White "Adhiban B. (IND)"]
[Black "Nepomniachtchi Ian (RUS)"]
[Result "1/2-1/2"]
[BlackElo "2741"]
[WhiteElo "2670"]
[LiveChessVersion "1.4.8"]

1. e4 {[%clk 1:30:55]} c5 {[%clk 1:30:55]} 2. Nf3 {[%clk 1:31:21]} d6
{[%clk 1:31:22]} 3. d4 {[%clk 1:31:43]} cxd4 {[%clk 1:31:46]} 4. Nxd4
{[%clk 1:32:10]} Nf6 {[%clk 1:32:10]} 5. Nc3 {[%clk 1:32:36]} a6 {[%clk 1:32:36]}
6. Bg5 {[%clk 1:33:02]} e6 {[%clk 1:33:02]} 7. f4 {[%clk 1:33:27]} Nbd7
{[%clk 1:33:28]} 8. Bc4 {[%clk 1:26:47]} b5 {[%clk 1:29:25]} 9. Bxe6
{[%clk 1:27:06]} fxe6 {[%clk 1:29:37]} 10. Nxe6 {[%clk 1:27:35]} Qb6
{[%clk 1:27:56]} 11. Nd5 {[%clk 1:27:59]} Nxd5 {[%clk 1:27:36]} 12. Qxd5
{[%clk 1:28:26]} Nb8 {[%clk 1:08:42]} 13. Nxf8 {[%clk 1:00:22]} Rxf8
{[%clk 1:05:51]} 14. Qxa8 {[%clk 0:59:39]} Bb7 {[%clk 1:02:53]} 15. Qxb8+
{[%clk 0:59:25]} Kf7 {[%clk 1:03:16]} 16. Qxf8+ {[%clk 0:59:26]} Kxf8
{[%clk 1:03:40]} 17. O-O-O {[%clk 0:58:56]} Bxe4 {[%clk 1:03:36]} 18. Rd2
{[%clk 0:49:39]} h6 {[%clk 1:00:27]} 19. Bh4 {[%clk 0:46:18]} Qa5
{[%clk 1:00:45]} 20. Re1 {[%clk 0:39:58]} Qxa2 {[%clk 0:57:27]} 21. Rxd6
{[%clk 0:40:14]} Qa1+ {[%clk 0:57:35]} 22. Kd2 {[%clk 0:40:39]} Qa4
{[%clk 0:57:56]} 23. Rd8+ {[%clk 0:32:34]} Kf7 {[%clk 0:56:40]} 24. b3
{[%clk 0:23:46]} Qa5+ {[%clk 0:56:23]} 25. Kd1 {[%clk 0:23:42]} Qa1+
{[%clk 0:56:18]} 26. Kd2 {[%clk 0:23:09]} Qa5+ {[%clk 0:56:43]} 27. Kd1
{[%clk 0:23:35]} Qa1+ {[%clk 0:56:42]} 28. Kd2 {[%clk 0:17:40]} 1/2-1/2

[Event "World Cup 2017"]
[Site "Tbilisi"]
[Date "2017.09.06"]
[Round "9.16"]
[White "Svidler Peter (RUS)"]
[Black "Erdos Viktor (HUN)"]
[Result "1/2-1/2"]
[BlackElo "2619"]
[WhiteElo "2756"]
[LiveChessVersion "1.4.8"]

1. c4 {[%clk 1:30:57]} e6 {[%clk 1:26:39]} 2. Nc3 {[%clk 1:30:47]} d5
{[%clk 1:26:57]} 3. d4 {[%clk 1:31:12]} a6 {[%clk 1:27:24]} 4. cxd5
{[%clk 1:23:41]} exd5 {[%clk 1:27:42]} 5. Qb3 {[%clk 1:22:33]} c6
{[%clk 1:25:06]} 6. e4 {[%clk 1:21:43]} dxe4 {[%clk 1:23:40]} 7. Bc4
{[%clk 1:21:01]} Qe7 {[%clk 1:23:09]} 8. a4 {[%clk 1:20:22]} Nf6 {[%clk 1:13:47]}
9. Nge2 {[%clk 1:13:31]} g6 {[%clk 1:06:38]} 10. O-O {[%clk 1:06:08]} Bg7
{[%clk 1:05:58]} 11. Ng3 {[%clk 1:04:37]} O-O {[%clk 1:06:21]} 12. Re1
{[%clk 0:48:29]} b5 {[%clk 0:30:02]} 13. axb5 {[%clk 0:48:11]} cxb5
{[%clk 0:30:28]} 14. Bxb5 {[%clk 0:39:25]} Qb7 {[%clk 0:29:36]} 15. Ba4
{[%clk 0:24:25]} Qxb3 {[%clk 0:12:54]} 16. Bxb3 {[%clk 0:23:58]} Nc6
{[%clk 0:11:43]} 17. Rd1 {[%clk 0:23:27]} Bg4 {[%clk 0:09:14]} 18. Nge2
{[%clk 0:22:20]} 1/2-1/2

[Event "World Cup 2017"]
[Site "Tbilisi"]
[Date "2017.09.06"]
[Round "9.17"]
[White "Onischuk Alexander (USA)"]
[Black "Wojtaszek Radoslaw (POL)"]
[Result "1/2-1/2"]
[BlackElo "2739"]
[WhiteElo "2682"]
[LiveChessVersion "1.4.8"]

1. d4 {[%clk 1:30:44]} Nf6 {[%clk 1:30:55]} 2. c4 {[%clk 1:31:08]} e6
{[%clk 1:31:22]} 3. g3 {[%clk 1:30:58]} d5 {[%clk 1:31:44]} 4. Nf3
{[%clk 1:30:36]} Bb4+ {[%clk 1:32:08]} 5. Nbd2 {[%clk 1:28:46]} dxc4
{[%clk 1:32:01]} 6. a3 {[%clk 1:27:26]} Bxd2+ {[%clk 1:20:25]} 7. Bxd2
{[%clk 1:27:19]} O-O {[%clk 1:02:00]} 8. Qc2 {[%clk 1:17:55]} b6 {[%clk 1:00:25]}
9. Qxc4 {[%clk 1:16:25]} Bb7 {[%clk 1:00:17]} 10. Rc1 {[%clk 1:10:48]} c5
{[%clk 0:56:41]} 11. dxc5 {[%clk 1:08:33]} Bd5 {[%clk 0:54:55]} 12. Qh4
{[%clk 1:04:53]} Nbd7 {[%clk 0:48:56]} 13. c6 {[%clk 0:58:22]} Nc5
{[%clk 0:49:19]} 14. Bg2 {[%clk 0:52:52]} Rc8 {[%clk 0:47:18]} 15. Bg5
{[%clk 0:47:09]} Nce4 {[%clk 0:40:36]} 16. Be3 {[%clk 0:37:39]} Rxc6
{[%clk 0:37:06]} 17. Rxc6 {[%clk 0:36:52]} Bxc6 {[%clk 0:37:31]} 18. O-O
{[%clk 0:36:32]} h6 {[%clk 0:29:19]} 19. Rc1 {[%clk 0:31:36]} Ba8
{[%clk 0:27:09]} 20. Qf4 {[%clk 0:28:28]} Nd6 {[%clk 0:26:26]} 21. Qa4
{[%clk 0:26:41]} Qe7 {[%clk 0:25:52]} 22. Bf4 {[%clk 0:24:42]} Rc8
{[%clk 0:24:17]} 23. Rxc8+ {[%clk 0:22:56]} Nxc8 {[%clk 0:24:31]} 24. Qd4
{[%clk 0:21:22]} Qd7 {[%clk 0:22:21]} 25. Qxd7 {[%clk 0:17:45]} Nxd7
{[%clk 0:22:42]} 26. Bh3 {[%clk 0:16:33]} Kf8 {[%clk 0:21:05]} 27. Ne5
{[%clk 0:15:57]} Ke7 {[%clk 0:20:35]} 28. Nxd7 {[%clk 0:15:38]} Kxd7
{[%clk 0:21:02]} 29. f3 {[%clk 0:15:20]} Bd5 {[%clk 0:17:55]} 30. e4
{[%clk 0:13:42]} Bc4 {[%clk 0:18:03]} 31. Be5 {[%clk 0:13:31]} f6
{[%clk 0:18:25]} 32. Bc3 {[%clk 0:13:29]} Ne7 {[%clk 0:16:16]} 33. Kf2
{[%clk 0:12:54]} Nc6 {[%clk 0:16:25]} 34. Ke3 {[%clk 0:11:34]} a5
{[%clk 0:13:31]} 35. f4 {[%clk 0:08:30]} b5 {[%clk 0:13:56]} 36. e5
{[%clk 0:04:05]} f5 {[%clk 0:11:15]} 37. Bd4 {[%clk 0:02:49]} g5 {[%clk 0:09:36]}
38. Bc5 {[%clk 0:01:14]} g4 {[%clk 0:09:10]} 39. Bg2 {[%clk 0:01:40]} Kc7
{[%clk 0:07:59]} 40. Kd2 {[%clk 0:31:00]} a4 {[%clk 0:38:09]} 41. Kc3
{[%clk 0:29:34]} h5 {[%clk 0:37:36]} 42. Bxc6 {[%clk 0:29:01]} 1/2-1/2

[Event "World Cup 2017"]
[Site "Tbilisi"]
[Date "2017.09.06"]
[Round "9.18"]
[White "Yu Yangyi (CHN)"]
[Black "Jobava Baadur (GEO)"]
[Result "1/2-1/2"]
[BlackElo "2702"]
[WhiteElo "2750"]
[LiveChessVersion "1.4.8"]

1. e4 {[%clk 1:30:30]} e5 {[%clk 1:30:30]} 2. Nf3 {[%clk 1:30:30]} Nf6
{[%clk 1:30:30]} 3. Nxe5 {[%clk 1:30:24]} d6 {[%clk 1:30:30]} 4. Nf3
{[%clk 1:30:24]} Nxe4 {[%clk 1:31:14]} 5. Nc3 {[%clk 1:32:39]} Nf6
{[%clk 1:31:38]} 6. d4 {[%clk 1:32:55]} Be7 {[%clk 1:32:04]} 7. Bd3
{[%clk 1:32:59]} Nc6 {[%clk 1:31:50]} 8. O-O {[%clk 1:21:37]} O-O
{[%clk 1:32:14]} 9. a3 {[%clk 1:18:53]} Bg4 {[%clk 1:30:17]} 10. Be2
{[%clk 1:13:15]} d5 {[%clk 1:27:08]} 11. h3 {[%clk 1:12:45]} Bf5 {[%clk 1:26:08]}
12. Bd3 {[%clk 1:00:40]} Be4 {[%clk 1:20:05]} 13. Be3 {[%clk 0:57:08]} Re8
{[%clk 1:15:22]} 14. Ne5 {[%clk 0:51:59]} Bd6 {[%clk 1:04:58]} 15. Nxc6
{[%clk 0:38:20]} bxc6 {[%clk 1:05:11]} 16. Bg5 {[%clk 0:38:33]} Bxd3
{[%clk 0:59:54]} 17. Qxd3 {[%clk 0:38:26]} h6 {[%clk 1:00:19]} 18. Bh4
{[%clk 0:37:06]} Re6 {[%clk 0:57:05]} 1/2-1/2

[Event "World Cup 2017"]
[Site "Tbilisi"]
[Date "2017.09.06"]
[Round "9.19"]
[White "Sevian Samuel (USA)"]
[Black "Li Chao b (CHN)"]
[Result "1/2-1/2"]
[BlackElo "2745"]
[WhiteElo "2610"]
[LiveChessVersion "1.4.8"]

1. e4 {[%clk 1:30:56]} e5 {[%clk 1:30:50]} 2. Nf3 {[%clk 1:31:17]} Nf6
{[%clk 1:31:14]} 3. Nxe5 {[%clk 1:31:34]} d6 {[%clk 1:31:36]} 4. Nf3
{[%clk 1:31:55]} Nxe4 {[%clk 1:31:57]} 5. d4 {[%clk 1:32:01]} d5 {[%clk 1:32:14]}
6. Bd3 {[%clk 1:32:01]} Be7 {[%clk 1:32:30]} 7. O-O {[%clk 1:32:06]} O-O
{[%clk 1:32:53]} 8. c4 {[%clk 1:28:35]} Nf6 {[%clk 1:32:06]} 9. h3
{[%clk 1:22:47]} Nc6 {[%clk 1:31:57]} 10. Nc3 {[%clk 1:23:08]} Nb4
{[%clk 1:31:57]} 11. Be2 {[%clk 1:23:32]} dxc4 {[%clk 1:32:12]} 12. Bxc4
{[%clk 1:23:49]} Nbd5 {[%clk 1:31:51]} 13. Re1 {[%clk 1:22:15]} c6
{[%clk 1:32:14]} 14. Bg5 {[%clk 1:21:33]} Be6 {[%clk 1:32:28]} 15. Qb3
{[%clk 1:21:46]} Qb6 {[%clk 1:22:35]} 16. Nxd5 {[%clk 1:21:46]} cxd5
{[%clk 1:22:35]} 17. Qxb6 {[%clk 1:22:11]} axb6 {[%clk 1:22:59]} 18. Bb3
{[%clk 1:22:34]} Rfc8 {[%clk 1:17:50]} 19. Rac1 {[%clk 1:12:30]} h6
{[%clk 1:12:02]} 20. Bf4 {[%clk 0:59:47]} Ne4 {[%clk 1:04:58]} 21. Rxc8+
{[%clk 0:44:20]} Rxc8 {[%clk 1:05:20]} 22. Rc1 {[%clk 0:44:36]} Rxc1+
{[%clk 1:01:10]} 23. Bxc1 {[%clk 0:44:55]} g5 {[%clk 1:01:02]} 24. Kf1
{[%clk 0:43:54]} Kg7 {[%clk 0:54:04]} 25. Ke2 {[%clk 0:43:23]} f5
{[%clk 0:49:56]} 26. Ne5 {[%clk 0:36:47]} f4 {[%clk 0:48:54]} 27. Bd2
{[%clk 0:34:44]} 1/2-1/2